| 000 | 003710000a22001090004500 | ||
|---|---|---|---|
| 090 |
_aAs _bSeriadas |
||
| 245 | 1 | 0 | _aPlanteamiento de un modelo matricial para el análisis de la dinámica de poblaciones de árboles |
| 041 | 0 | _aEspañol | |
| 100 | 1 |
_aGonzález Pérez, Humberto _999832 |
|
| 942 | _cARTICULO | ||
| 773 | 1 |
_tCrónica Forestal y del Medio Ambiente _h11 _q89-104 _d1996 |
|
| 999 |
_c15578 _d15578 |
||